Airport Codes (Hard Version) - Statistics

General Stats
  • This quiz has been taken 65 times
  • The average score is 21 of 30
Answer Stats
Code City % Correct
YYZ Toronto
98%
BCN Barcelona
94%
PEK Beijing
94%
DXB Dubai
92%
ORD Chicago
91%
YVR Vancouver
91%
AKL Auckland
89%
CUN Cancun
89%
LHR London
89%
HNDNRT Tokyo
89%
FCO Rome
87%
ICN Seoul
87%
LGA New York
83%
YUL Montreal
81%
GIG Rio de Janeiro
79%
SJO San Jose
79%
DFW Dallas - Fort Worth
75%
NBO Nairobi
72%
GRU Sao Paulo
72%
PVG Shanghai
70%
ARN Stockholm
70%
SVO Moscow
66%
EZE Buenos Aires
62%
SCL Santiago
49%
PTY Panama City
42%
CMN Casablanca
36%
RDU Raleigh - Durham
36%
UIO Quito
34%
DSS Dakar
19%
ADD Addis Abeba
17%
No matching quizzes found
Score Distribution
Percent of People with Each Score
Percentile by Number Answered
Your Score History
You have not taken this quiz